000 00205nam a2200085Ia 4500
008 120527s9999 xx 000 0 und d
100 _aErsler & Gabuzola
245 _aPathophysiology personality
942 _cBK
999 _c27506
_d27506